[Event "RUS-chT 05th"]
[Site "Maikop"]
[Date "1998.06.03"]
[Round "1"]
[White "Shovunov, Baatr"]
[Black "Eismont, Oleg"]
[Result "0-1"]
[WhiteElo "2475"]
[BlackElo "2470"]
[Annotator "Yudasin,L"]
[PlyCount "68"]
[EventDate "1998.06.03"]
[EventType "team-tourn"]
[EventRounds "11"]
[EventCountry "RUS"]
[SourceTitle "CBM 066"]
[Source "ChessBase"]
[SourceDate "1998.09.30"]
[SourceVersion "1"]
[SourceVersionDate "1998.09.30"]
[SourceQuality "1"]
[WhiteTeam "Elista Uralan"]
[BlackTeam "Noyabrsk Yamal"]
[WhiteTeamCountry "RUS"]
[BlackTeamCountry "RUS"]

1. e4 d6 2. d4 Nf6 3. Nc3 e5 4. dxe5 dxe5 5. Qxd8+ Kxd8 6. Bg5 (6. Bc4 Be6 (
6... Ke8) 7. Bxe6 fxe6 $14) 6... Be6 7. O-O-O+ Nbd7 8. f4 exf4 (8... h6 $4 9.
Bxf6+ gxf6 10. f5) 9. Nf3 (9. e5 h6 10. Bh4 (10. Bxf4 Ng4 11. Rd2 Bc5 12. Ne4
Be3 13. Bxe3 Nxe3 14. Be2 Ke7 15. Nf3 Ng4) 10... g5 11. exf6 gxh4 12. Nf3 Kc8
$13) 9... h6 10. Bxf4 c6 11. Nd4 Bb4 (11... Bg4 12. Rd3 Bb4 13. h3 Bh5 14. e5)
12. Nxe6+ fxe6 13. Bc4 (13. e5 Bxc3 14. bxc3 Ne4 15. Bc4 Ke7 $17) 13... Ke7 (
13... Bxc3 14. bxc3 Nxe4 15. Bxe6 Nec5 16. Bh3 $16) 14. Rhe1 (14. a3 Bxc3 15.
Bd6+ Kf7 16. bxc3 Nxe4 17. Rhe1 Ndf6 18. Be5 Rhe8 19. Rd4 Nc5) 14... Nh5 (14...
e5 15. Bg3 (15. Bd2 a5 16. a3 Bc5 $10) 15... Nh5 $10) 15. a3 (15. Bd2 Bd6 16.
g3 Ne5 17. Be2 Nf6 18. Be3 $15) 15... Nxf4 (15... Bxc3 16. Bd6+ Kf7 17. bxc3
Rhe8 18. Rf1+ Kg8 19. e5 $16) 16. axb4 Ne5 17. Bf1 (17. Bb3 Nxg2 $2 (17... Rhd8
18. g3 Nh5 $15) 18. Rg1) 17... b5 18. g3 Nh5 19. Bg2 (19. b3 Rhf8) 19... Nf6
20. b3 a5 (20... Rhf8) 21. Nd5+ $2 (21. bxa5 Rxa5 22. Kb2 $15) 21... Kf7 $5 (
21... exd5 22. exd5 {/\Re5,d6,dc}) (21... cxd5 22. exd5 Ng6 (22... Neg4 23. h3)
23. d6+ (23. Rxe6+ Kf7 $17) 23... Kd7 24. Bxa8 Rxa8 $17) 22. Nf4 $2 (22. Nxf6
gxf6 23. bxa5 Rxa5 24. Kb2 Rha8 $17) 22... axb4 23. Bh3 (23. Rd6 Rhe8 24. Bh3
$4 Ra1+ 25. Kd2 Nf3+) 23... g5 $1 24. Bxe6+ (24. Nxe6 g4) (24. Nd3 Ra1+ (24...
Nf3 $6 25. Rf1 g4 (25... Nxh2 26. e5 $2 (26. Rf2 Ra1+ 27. Kd2 Rxd1+ 28. Kxd1 g4
29. e5 gxh3 30. Rxf6+ Ke7 31. Nf4 $13 (31. Nf2 $132)) 26... Nxf1 27. Rxf1 Ra1+)
26. Bxg4 Ra1+ 27. Kb2 Rxd1 28. Rxf3 Kg7 29. Rxf6 Rxd3 30. Rxe6 $13) (24...
Nxd3+ 25. cxd3 (25. Rxd3 Ra1+ 26. Kd2 Rxe1 27. Kxe1 Ke7 $17) 25... Ra2 $17) 25.
Kb2 Nxd3+ 26. cxd3 Rxd1 27. Rxd1 Rd8 28. Kc2 Ra8 $17) 24... Ke7 25. Bh3 (25.
Bf5 gxf4 26. gxf4 Nf7 27. e5 Nd5) 25... gxf4 $19 26. gxf4 Nf3 27. Rf1 (27. Rh1
Nxe4 28. Bg2 Ra1+ 29. Kb2 Rxd1 30. Rxd1 Nc3) 27... Nxh2 (27... Ra1+ 28. Kb2
Rxd1 29. Rxd1 Nxe4 30. Rd7+ Kf6 31. Bg2 Nfd2) 28. Rh1 Ra1+ 29. Kb2 Rxd1 30.
Rxd1 h5 31. e5 Nd5 32. Rh1 Nf3 33. Bg2 (33. Bg4 hxg4 34. Rxh8 Nxf4 35. Rg8 Nxe5
) 33... Nd4 34. f5 Nxf5 {Yudasin} 0-1

[Event "NED-ch53"]
[Site "Rotterdam"]
[Date "1998.06.28"]
[Round "7"]
[White "Sosonko, Gennadi"]
[Black "Van Wely, Loek"]
[Result "0-1"]
[WhiteElo "2520"]
[BlackElo "2605"]
[Annotator "Yudasin,L"]
[PlyCount "104"]
[EventDate "1998.06.21"]
[EventType "tourn"]
[EventRounds "11"]
[EventCountry "NED"]
[EventCategory "12"]
[SourceTitle "CBM 066"]
[Source "ChessBase"]
[SourceDate "1998.09.30"]
[SourceVersion "1"]
[SourceVersionDate "1998.09.30"]
[SourceQuality "1"]

1. d4 {Hecht} Nf6 2. Nf3 g6 3. g3 Bg7 4. Bg2 O-O 5. O-O d6 6. Nc3 Nbd7 (6... d5
$5) 7. e4 e5 8. Re1 c6 (8... a6 9. a4 b6) 9. a4 Qc7 (9... a5) 10. b3 (10. h3 $5
{/\Be3}) 10... exd4 (10... Rd8 11. Ba3 Nf8 $5) 11. Nxd4 Re8 12. Ba3 Nc5 13. Qd2
(13. f4 a5 {/\Qb6} 14. e5 dxe5 15. Bxc5 (15. fxe5 Nfd7) 15... exd4 16. Rxe8+
Nxe8 17. Bxd4 Bxd4+ 18. Qxd4 Bf5 $10) (13. Ndb5 cxb5 14. Nxb5 Qb6 15. Nxd6 Rd8
16. e5 Ne8 17. Qd5 Ne6 18. Nxc8 (18. a5 Qc7 (18... Qa6 19. Bf1 Qc6 $17) 19. a6
Rb8 20. Nxe8 $16) 18... Raxc8 19. Qxb7 Qxb7 20. Bxb7 Rxc2) 13... Bd7 14. Rad1
Rad8 {/\Bg4-f3 Bc8} (14... Bg4 15. f3 {/\Nde2}) 15. h3 $6 (15. f3 $5) (15. Qf4
Nh5 16. Qg5 h6 17. Qc1 $13) 15... Qc8 $5 (15... a5 16. f4 Bc8 17. g4 $36) 16.
g4 (16. Kh2 Re5 $1 {/\Rh5,/\Bh3} 17. g4 Bxg4 18. hxg4 Qxg4 $146 {/\Bh6,/\Qh4,
Ng4,/\Rg[h]5,/\Ne4}) 16... h5 17. f3 (17. g5 Bxh3 (17... Nh7 18. h4 Bh3 {
/\Qg4-h4}) 18. gxf6 Bxg2 19. Kxg2 Qg4+ 20. Kf1 Qh3+ (20... Bxf6 21. f3 $16) 21.
Kg1 Qg4+ $10 (21... Bxf6 22. Qe3)) 17... hxg4 18. hxg4 Qc7 (18... Nxg4 19. fxg4
Bxg4 20. Rb1 Re5 21. Nf3 $16) 19. Nde2 (19. Qf2 $5) 19... Bc8 $13 20. Qf4 (20.
Kf1 $5) 20... Qb6 (20... Ne6 21. Qg3 d5 22. e5 (22. exd5 Nxd5 23. Nxd5 cxd5 24.
Qxc7 Nxc7 25. Bc5 b6 26. Bd4 Ba6 $10) 22... Nd7 23. f4 g5 $17) 21. Kf1 Ne6 22.
Qg3 d5 23. exd5 (23. e5 Nd7 24. f4 (24. Bd6 g5 $1 $15 {/\Nf8-g6}) 24... g5 25.
Bxd5 (25. f5 Bxe5 26. Qh3 Nf4 (26... Nef8 $17) 27. Nxf4 Bxf4 28. Be7 $13) 25...
cxd5 26. Nxd5 Qc6 27. Ne7+ Rxe7 28. Bxe7 Re8 $17) 23... Nxd5 24. Nxd5 cxd5 25.
f4 (25. Qf2 Qc7) 25... d4 26. Qd3 $2 (26. f5 Ng5 (26... Nc5 27. fxg6 (27. Nxd4
$1 Rxe1+ 28. Qxe1 Bxd4 29. Rxd4 Rxd4 30. Qe8+ Kg7 31. Bb2 $18) 27... fxg6 28.
Nxd4 Rxe1+ 29. Qxe1 Bxd4 30. Rxd4 Qf6+) 27. Qf4 Qf6 (27... Bf6 $15)) 26... Nc5
27. Bxc5 (27. Qb5 Qxb5 28. axb5 d3 $1 29. Ng3 Rxe1+ 30. Kxe1 Bc3+ 31. Kf1 Bxg4)
(27. Qc4 d3 28. cxd3 Nxb3 $17) 27... Qxc5 28. Bf3 Qc7 $1 {/\Re3} 29. Qc4 $6 $19
(29. Qd2 Re3 30. Kf2 Bf6 (30... Qe7 31. g5 Be6 $17) 31. g5 Bg7 32. c3 Bf5 33.
Nxd4 Rd3 34. Qe2 Qxc3 35. Nxf5 Rd2 36. Kf1 $10) 29... Qxc4 30. bxc4 b6 $17 31.
Nc1 Be6 32. Kf2 Bxc4 33. Rxe8+ Rxe8 34. Nd3 Be6 35. Ne5 Bxe5 36. fxe5 Rc8 $19
37. Rxd4 (37. Be4 Rc4) 37... Rxc2+ 38. Ke3 Rc3+ 39. Kf2 Rc5 40. Rd8+ Kg7 41.
Ra8 Ra5 42. Bd1 Bd7 43. g5 Bxa4 44. Bxa4 Rxa4 45. Kf3 a5 46. Re8 Rb4 47. Ra8 a4
48. Ke3 Rb5 {[#] Hecht: Der einfachste und technisch einwandfreie Gewinnweg.
Der auf f5 erscheinende Turm deckt alle Bauern, ist selbst gedeckt und blendet
den weißen König vom weiteren Geschehen aus. Dadurch kann der eigene König
aktiv werden und problemlos zum b-Bauern gelangen.} (48... b5 $5 {Hecht} 49.
Kd3 Rb3+ 50. Kd4 a3 51. e6 fxe6 52. Ke5 b4 53. Kxe6 Rf3 $19) 49. Rxa4 Rxe5+ 50.
Kf4 Rf5+ {[#] Hecht: Einfaches Beispiel für eine optimale Seitendeckung} 51.
Kg4 Kf8 52. Ra7 b5 {/\Kf8-b8-b6,b4 Yudasin} 0-1

[Event "EU-chT (Men) 11th"]
[Site "Pula"]
[Date "1997.05.??"]
[Round "7.2"]
[White "Vaganian, Rafael A"]
[Black "Fedorov, Alexei"]
[Result "1-0"]
[WhiteElo "2585"]
[BlackElo "2580"]
[Annotator "Yudasin,L"]
[PlyCount "49"]
[EventDate "1997.05.05"]
[EventType "team-swiss"]
[EventRounds "9"]
[EventCountry "CRO"]
[SourceTitle "CBM 057 Extra"]
[Source "ChessBase"]
[SourceDate "1997.05.01"]
[SourceVersion "1"]
[SourceVersionDate "1997.05.01"]
[SourceQuality "1"]
[WhiteTeam "Armenia"]
[BlackTeam "Belarus"]
[WhiteTeamCountry "ARM"]
[BlackTeamCountry "BLR"]

1. Nf3 g6 2. e4 Bg7 3. d4 d6 4. c3 Nf6 5. Bd3 O-O 6. O-O Nbd7 (6... Nc6 $1 7.
Na3 $5 Bg4 8. Nc2 e5 9. h3 Bxf3 10. Qxf3 Nd7 11. Be3 Kh8 12. Qg4 $14 {Fishbein,
A-Gulko,B ,New-York,1997}) 7. Re1 e5 8. Nbd2 (8. h3 $5 Re8 9. Bg5 h6 10. Bh4 a6
11. a4 b6 12. Nbd2 Bb7 13. b4 Qc8 14. Qb3 $16 {()Panno-Larsen,B, Buenos-Aires,
1983}) 8... b6 9. Nf1 Bb7 10. Ng3 Re8 11. Bd2 d5 $5 12. exd5 (12. dxe5 Nxe4 $10
) 12... Nxd5 13. Bg5 $5 Qc8 $6 (13... Bf6 14. Bxf6 Qxf6 15. Qa4 Bc6 16. Bb5
Bxb5 17. Qxb5 c6 18. Qa4 $14) (13... f6 $5 14. Bd2 f5 15. Bg5 Bf6 16. Bxf6 Qxf6
$10) 14. Qd2 exd4 15. Nxd4 Rxe1+ (15... Ne5 $1) 16. Rxe1 Ne5 17. Bf5 gxf5 (
17... Qf8 $2 18. Ne6 $18) 18. Ndxf5 f6 (18... Bh8 19. Nh6+ Kf8 20. c4 Nxc4 21.
Qc2 $18) 19. Nxg7 Kxg7 20. c4 $1 Nxc4 (20... Nf7 21. Bh4 Qg4 22. cxd5 $18) 21.
Qd4 $1 Kg6 $2 (21... Qf8 22. Nf5+ Kh8 (22... Kg6 23. Bh6 $18) 23. Re7 Nd6 24.
Qh4 Qxe7 25. Nxe7 fxg5 26. Qd4+ $18) 22. Qe4+ f5 23. Qh4 {[%cal Gh4h6]} Qg8 24.
Qh6+ Kf7 25. Re7+ {[%cal Gh6f6]} 1-0

[Event "NED-ch53"]
[Site "Rotterdam"]
[Date "1998.06.22"]
[Round "2"]
[White "Van der Weide, Karel"]
[Black "Nijboer, Friso"]
[Result "1-0"]
[WhiteElo "2450"]
[BlackElo "2580"]
[Annotator "Yudasin,L"]
[PlyCount "83"]
[EventDate "1998.06.21"]
[EventType "tourn"]
[EventRounds "11"]
[EventCountry "NED"]
[EventCategory "12"]
[SourceTitle "CBM 066"]
[Source "ChessBase"]
[SourceDate "1998.09.30"]
[SourceVersion "1"]
[SourceVersionDate "1998.09.30"]
[SourceQuality "1"]

1. e4 g6 2. d4 d6 3. Nc3 Bg7 4. g3 Nf6 5. Bg2 O-O 6. Nge2 e5 7. h3 (7. O-O)
7... c6 8. a4 a5 (8... Nbd7 9. a5 Qc7 10. O-O Rb8 {/\b5+/=}) 9. O-O Na6 10. Be3
Nb4 11. Qd2 (11. f4 $5) 11... Be6 12. Rad1 (12. b3) 12... Bc4 (12... Qc7 13. f4
Rad8 $13) 13. Rfe1 Qc7 14. b3 Ba6 15. g4 $1 (15. f4 Rad8 16. g4 Rfe8 $14) 15...
Rad8 (15... h5 16. g5 Nh7 17. f4) 16. Ng3 Rfe8 (16... Nd7 {/\ed} 17. Qc1 {/\f4}
) 17. g5 Nd7 18. d5 $1 (18. Qc1 exd4 19. Bxd4 Bxd4 20. Rxd4 d5) 18... Rc8 (
18... cxd5 19. exd5 (19. Nxd5 Nxd5 20. exd5 Nc5 21. Bxc5 Qxc5 22. Ne4 Qb6 23.
Qe3 Qc7 24. c4 b6 25. h4 Bc8 26. Bh3 $36) 19... Rc8 20. Nge4 b6 (20... f5 21.
gxf6 Nxf6 22. Nxf6+ Bxf6 23. Ne4 Bg7 24. c4 $16) 21. Rc1 Nc5 (21... Qb8 22. Nb5
) 22. Bxc5 bxc5 23. Nb5 Bxb5 24. axb5 {/\c3} c4 25. bxc4 $18) (18... Nc5 $5)
19. Rc1 (19. dxc6 Qxc6) 19... Nb6 20. h4 $1 cxd5 21. Nxd5 N6xd5 (21... N4xd5
22. exd5 Nd7 23. h5 $16 Qc3) 22. exd5 Na2 (22... Nxc2 23. Be4) (22... Qc3 23.
Qxc3 Rxc3 24. Bd2 $1 (24. Ne4 Rxc2 25. Nxd6 Rd8 $13) 24... Rxc2 25. Bxb4 Rxc1
26. Rxc1 axb4 27. Ne4 Rd8 28. Bf1 Bf8 29. Bxa6 bxa6 30. Rc6 Ra8 31. Kf1 $16)
23. Ra1 Nc3 24. Ne4 {/\Nc3,Qc3,Be4,Bd2[b6]} Nxe4 25. Bxe4 f5 (25... Qc3 26.
Qxc3 Rxc3 27. Kg2 {/\Bd2}) 26. gxf6 Bxf6 27. h5 Qd7 (27... gxh5 28. Kh2 Kh8 29.
c4 Rg8 30. f3 $16 (30. Bf5 $16)) 28. f3 gxh5 (28... Qh3 29. hxg6) 29. c4 Kh8 (
29... Qh3 30. Qh2 Qxh2+ 31. Kxh2 Bd8 32. Rg1+ Kh8 33. Rg2 $16) 30. Kh2 Rg8 31.
Rg1 b6 $1 32. Bf2 $1 (32. Bxb6 Qb7 33. Qxa5 (33. Qe3 Qe7 $16) 33... Bg5 34. Bf5
Qf7) 32... Qe7 (32... Qc7 33. Qh6) 33. Qh6 Rg5 $4 (33... Rxg1 34. Rxg1 Rg8 35.
Qxh5 $16 (35. Bxh7 $4 Bg5 36. Bh4 Bxh6 37. Rxg8+ Kxh7 38. Bxe7 Kxg8)) (33...
Bg5 34. Qxh5 Rg7 35. Kh1 Rcg8 36. Rg2 $16) 34. Bh4 Rcg8 (34... Rg6 35. Bxg6
Bxh4 36. Qxh5) 35. Bxh7 $1 $18 (35. Bxg5 Bxg5 36. Qxh5 $18) 35... Qxh7 $8 36.
Qxf6+ R5g7 37. Ra2 Qd3 38. Rag2 Qh7 39. Bf2 (39. Rg6 $18) 39... Bc8 40. Be3 Qf5
41. Qh6+ Qh7 42. Rxg7 {Yudasin} 1-0

[Event "Keres Memorial"]
[Site "Tallinn/Parnu"]
[Date "1998.06.26"]
[Round "6"]
[White "Andersson, Ulf"]
[Black "Seeman, Tarvo"]
[Result "1-0"]
[WhiteElo "2635"]
[BlackElo "2435"]
[Annotator "Yudasin,L"]
[PlyCount "95"]
[EventDate "1998.06.19"]
[EventType "tourn"]
[EventRounds "9"]
[EventCountry "EST"]
[EventCategory "15"]
[SourceTitle "CBM 066"]
[Source "ChessBase"]
[SourceDate "1998.09.30"]
[SourceVersion "1"]
[SourceVersionDate "1998.09.30"]
[SourceQuality "1"]

1. Nf3 {Petursson} Nf6 2. d4 g6 3. g3 Bg7 4. Bg2 O-O 5. O-O d6 6. Re1 Nbd7 (
6... Ne4 $5) 7. e4 e5 8. Nc3 (8. c4 $5) 8... Re8 9. h3 (9. b3) (9. a4) 9... c6
10. a4 Qc7 (10... a5 $5) 11. Be3 b6 (11... exd4 12. Bxd4) 12. Qd2 Bb7 13. Bh6 (
13. Rad1 Rad8 14. Bg5 a6) 13... a6 (13... Bh8 14. Rad1 Rad8 $13) 14. Rad1 (14.
Bxg7 Kxg7 15. Rad1) 14... b5 (14... Bh8 $5) 15. Bxg7 Kxg7 16. Re3 $1 b4 (16...
Rad8 17. Rde1) 17. Ne2 c5 (17... exd4 18. Qxd4 c5 19. Qxd6 Qxd6 20. Rxd6 Rxe4
21. Rxe4 Bxe4 22. Nd2 Bxg2 23. Kxg2 Re8 24. Nf4 $16) 18. d5 (18. dxe5 dxe5 19.
Qd6 Rac8 $15) 18... a5 (18... Nb6 19. b3 a5 20. Nh4 (20. g4 c4 21. Ng3 $13)
20... c4 $15) 19. g4 c4 20. Ng3 Nc5 (20... Nb6 21. b3 Rac8 $15 22. Rde1) 21. b3
h6 (21... Ba6 $13) 22. Bf1 c3 $2 (22... Ba6 {/\cb,Bf1,Rac8}) 23. Qc1 Rh8 24.
Ree1 Bc8 {/\Bd7,B[N]a4,/\Rag8} 25. Bb5 Qd8 (25... Bd7 26. Bxd7 Qxd7 27. Kg2 {
/\Nh2,f4}) (25... Qe7 {/\h5}) 26. Qe3 {/\Ne5} Qe7 27. Kg2 h5 28. g5 Nh7 29. Rg1
Ra7 30. Rdf1 $1 {/\Kh2,Ne2,Nh4,f4} f6 $2 (30... Bd7 31. Bxd7 Rxd7 $13) 31.
gxf6+ Qxf6 32. Kh2 Kf8 (32... Kf7 33. Nxe5+ Qxe5 34. f4) 33. Nxe5 $3 {
Petursson: This sacrifice is logical, but still it is highly unusual to see
the Super-Solid-Swede make a move of such speculative nature!} Qxe5 34. f4 Qe7
35. e5 $40 Nf6 (35... h4 36. Ne2 Bf5 37. Nd4) (35... Rg8 {Petursson} 36. f5
$140 g5 37. e6 Nf6 $17) 36. Qd4 h4 $1 $8 (36... Nfd7 37. Bxd7 Qxd7 38. f5 $1
$18) 37. Ne2 Nfe4 38. Rxg6 Qh7 $1 (38... Bf5 39. Rxd6 Nxd6 40. exd6 Qg7 41.
Qxc5) 39. f5 $1 $18 {/\e6,ed} Ng3 40. Nxg3 hxg3+ 41. Rxg3 Rg7 42. e6 $1 (42.
exd6 {Petursson} Rxg3 43. Qf6+ Kg8 44. Qd8+ Kg7 45. Qe7+ Kg8 46. Qe8+ Kg7 $11)
42... Rxg3 $8 43. Qf6+ Kg8 44. Qd8+ Kg7 45. Qe7+ Kg8 46. Qe8+ (46. Qxh7+ Rxh7
47. Kxg3 Ne4+) 46... Kg7 47. Qf7+ Kh6 48. Qf6+ {48...Kh5 49.Be2, 48...Rg6 49.
fg Qg7 50.Qh4 Kg6 51.Rg1 Yudasin} 1-0

[Event "London Agency"]
[Site "London"]
[Date "1998.06.21"]
[Round "7"]
[White "Gormally, Daniel"]
[Black "McNab, Colin Anderson"]
[Result "1/2-1/2"]
[WhiteElo "2415"]
[BlackElo "2500"]
[Annotator "Yudasin,L"]
[PlyCount "59"]
[EventDate "1998.06.15"]
[EventType "tourn"]
[EventRounds "9"]
[EventCountry "ENG"]
[EventCategory "9"]
[SourceTitle "CBM 066"]
[Source "ChessBase"]
[SourceDate "1998.09.30"]
[SourceVersion "1"]
[SourceVersionDate "1998.09.30"]
[SourceQuality "1"]

1. d4 d6 2. e4 Nf6 3. Nc3 g6 4. Bg5 Nbd7 (4... h6) (4... Bg7 5. Qd2 h6) 5. Qd2
(5. f4 $5) 5... h6 6. Bh4 (6. Be3 Ng4 7. Bf4 e5 8. dxe5 dxe5 9. Bg3 h5 10. h3
Bh6 11. Qd3 Ngf6 12. Rd1 Qe7 13. Nb5 Nc5) 6... c5 (6... g5 7. Bg3 Nh5 $5) 7.
dxc5 (7. d5 g5 8. Bg3 Nh5 {/\Bg7,a6,Qa5}) 7... g5 (7... dxc5 8. O-O-O) 8. Bg3
Nxc5 9. f3 Bg7 10. Bb5+ (10. O-O-O Qa5 11. Nge2 Bd7 12. Kb1 Rc8 13. a3 Ne6 $13)
10... Bd7 (10... Kf8 {/\a6,b5} 11. e5 (11. Bf2 Qa5 12. Nge2 $14) 11... Nh5 12.
exd6 Nxg3 13. hxg3 Qxd6 14. Qxd6 Bxc3+ 15. bxc3 (15. Qd2 Bxd2+ 16. Kxd2 Bf5 17.
Rd1 Rd8+ 18. Kc1 Rxd1+ 19. Kxd1 Kg7 $10) 15... exd6 $13) 11. Bxd7+ Qxd7 12.
Nge2 (12. O-O-O Rc8) 12... Nh5 (12... Rc8) 13. Bf2 Ne6 14. O-O (14. Be3 $36 {
000,Nd5,Nd4} Nhf4 $1 15. Nxf4 Nxf4 16. Bxf4 gxf4 17. Qxf4 Rc8 18. Qe3 Qc6 $10)
(14. g3 b5 $132) 14... O-O 15. Nd4 (15. Rab1 Nhf4) 15... Nxd4 16. Bxd4 Bxd4+
17. Qxd4 $14 Nf4 18. Qd2 (18. Rf2 Qc6 $14 {/\Qc5,Qc6}) 18... Rac8 19. Nd5 (19.
g3 Ne6 20. Nd5 $14) 19... Nxd5 20. exd5 Qf5 21. c3 Rc4 (21... Rfd8 22. Rae1 Rd7
23. Re4 Rc5 $132) 22. Rfe1 Re8 23. Re3 b5 24. Rae1 Kf8 $10 25. b3 Rf4 $1 26.
Rd3 (26. Qe2 Qf6 (26... Qxd5 27. Rxe7 Qc5+ 28. Kf1 Rxe7 29. Qxe7+ Kg7 $10) 27.
g3 Rf5 28. c4 bxc4 29. bxc4 Rc8 $10) 26... Qf6 27. Rde3 (27. Qe3 g4 $2 (27...
Ra8) 28. fxg4 Rxg4 29. Qxa7 Qg6 30. Rd2 $16) 27... a6 28. Qd3 Kg7 29. h3 Rc8
30. g3 $10 {31...Rf5 32.Kg2 Rc7 Yudasin} 1/2-1/2

[Event "CZE-ch"]
[Site "Zlin"]
[Date "1998.06.23"]
[Round "11"]
[White "Pisk, Petr"]
[Black "Konopka, Michal"]
[Result "1-0"]
[WhiteElo "2310"]
[BlackElo "2445"]
[Annotator "Yudasin,L"]
[PlyCount "81"]
[EventDate "1998.06.13"]
[EventType "tourn"]
[EventRounds "11"]
[EventCountry "CZE"]
[EventCategory "9"]
[SourceTitle "CBM 066"]
[Source "ChessBase"]
[SourceDate "1998.09.30"]
[SourceVersion "1"]
[SourceVersionDate "1998.09.30"]
[SourceQuality "1"]

1. e4 d6 2. d4 Nf6 3. Bd3 e5 4. c3 Nc6 5. Nf3 g6 (5... Bg4 6. d5 Ne7 (6... Nb8
7. c4 Nbd7 8. Nc3 Be7) 7. h3 Bh5 8. c4) 6. O-O Bg7 (6... Bg4 7. d5 {/\H3}) 7.
h3 O-O 8. Re1 Re8 9. d5 (9. Nbd2 d5) (9. Bg5 h6 10. Bh4 Bd7 {/\QC8,NH5}) 9...
Ne7 (9... Nb8 10. c4 Nbd7 11. Nc3 c6 12. Be3 $36) 10. c4 a5 11. Nc3 Nd7 12. a3
$1 h6 (12... f5 13. Ng5 Nf8 14. f4) 13. Rb1 f5 14. b4 f4 $5 (14... Nf6 15. c5 (
15. Bd2 axb4 16. axb4 Bd7 17. Qb3 Kh7 $13) 15... fxe4 (15... axb4 16. axb4 fxe4
17. Nxe4 dxc5 $13) 16. Nxe4 dxc5 17. bxc5 Nexd5 18. Bc4 Be6 $13) 15. Nd2 g5 16.
Be2 Nf6 17. c5 $16 axb4 18. axb4 Ng6 19. Nc4 Bf8 20. cxd6 Bxd6 (20... cxd6 21.
Nb5 Nxe4 $2 22. Bd3) 21. Nb5 Re7 (21... Nxe4 22. Bd3) (21... Qe7 22. Nbxd6 cxd6
23. Nb6 $16) (21... Bd7 22. Nbxd6 cxd6 23. b5 Qc7 24. Ba3) 22. Nbxd6 cxd6 23.
b5 Nh4 24. Ba3 $2 (24. Qd3 h5 25. Ba3 $13) 24... Nxe4 $1 (24... Rxa3 25. Nxa3
Nxe4 26. Qc2 Nc5 27. Bg4 Bxg4 28. hxg4 Qd7 29. f3 e4 $146) 25. Bd3 (25. Qc2 b6
26. Qxe4 $4 (26. Bd3 Nc5 27. Bxc5 bxc5 28. b6 g4 $13) 26... Bf5 $19) 25... Rxa3
$1 (25... Nc3 26. Qh5 Nxb1 27. Bxd6 $44) 26. Nxa3 Nc5 $5 (26... Nc3 27. Qh5
Nxb1 28. Qxh6 Nxa3 29. Qxg5+ Kf7 30. Qxh4 Qg8 31. Ra1 $13) 27. Bf1 Rg7 $40 28.
Rc1 (28. f3 h5 29. Rc1 b6) 28... g4 (28... b6 $1 $40) 29. Rxc5 $1 dxc5 (29...
gxh3 30. Rxc8 $2 (30. Rc3 hxg2 31. Be2 $13) 30... Qxc8 31. Qh5 Nxg2 32. Bxg2 (
32. Rb1 Qc5 33. Qxh3 Nh4+ 34. Kh1 Qxf2 35. Qc8+ Kh7 36. Bd3+ Ng6 37. Bxg6+ Rxg6
38. Qd7+ Rg7 39. Qf5+ $10) 32... Qc3 33. Nc2 Rxg2+ 34. Kh1 Qxc2 $17) 30. Rxe5
gxh3 31. d6 hxg2 (31... Nxg2 32. Kh2) 32. Bc4+ Kf8 (32... Kh8 33. Qh5 (33. Qe2
Qxd6 (33... Bd7 34. Qh5 Rg6 35. Re7 Bf5 36. Qxh4 $18) 34. Re8+ Kh7 35. Rxc8 $18
f3 36. Qd3+) 33... Qxd6 34. Re8+ (34. Bd5 $1 $40) 34... Kh7 35. Rxc8 (35. Bg8+
Rxg8 36. Rxg8 Kxg8 37. Qxh4 Bf5 $19) 35... f3 $1 $19 (35... Qd2 36. Rh8+ Kxh8
37. Qxh6+ Rh7 38. Qf8#)) (32... Kh7 33. Bd3+ Ng6 34. Nc4 $40) 33. Qh5 Rg6 (
33... Bd7 34. Re7 Rxe7 35. Qxh6+ Rg7 (35... Ke8 36. Qh8#) 36. Qh8+) (33... Ng6
34. Rf5+ (34. Rxc5 Bd7) 34... Bxf5 35. Qxf5+ Ke8 36. Qe6+ Kf8 (36... Ne7 37.
Be2 Qd7 38. Bh5+ Kd8 39. dxe7+ Rxe7 40. Qg8+ Kc7 41. Nc4 Re1+ 42. Kxg2 $18) 37.
Qf5+ $10) 34. Re7 Qxd6 35. Rf7+ Ke8 36. Qe2+ Be6 (36... Re6 37. Bxe6 Bxe6 38.
Nc4 Qd5 (38... Nf3+ 39. Qxf3 (39. Kxg2 Qd5 40. Qxf3 Bh3+) 39... Bxc4 40. Rxf4
$13 (40. Rxb7 Bd5 41. Qh5+ Kd8 $13 42. Qh4+ Kc8 43. Qe7 $10)) 39. Rxf4 $16) 37.
Rxb7 Kd8 $1 (37... f3 38. Qe1 $8 Nf5 39. b6 Nd4 40. Nb5 Nxb5 41. Bxb5+ Kd8 42.
Qa1 $40) 38. b6 (38. Ra7 Qe5 (38... Bg4 39. Ra8+ Kc7 40. b6+ Kb7 41. Qe4+ Qc6
42. Qe7+ (42. Bd5 Nf3+ 43. Kxg2 Bf5+ 44. Kxf3 Bxe4+ 45. Bxe4 Qxe4+ 46. Kxe4
Kxa8 $19) 42... Qd7 $17) 39. Ra8+ Bc8 40. Qd1+ Qd4 41. Qxd4+ cxd4 42. Bd5 $17
Rd6 43. Bb7) 38... f3 $4 (38... Bg4 $19 39. Nb5) 39. Qe1 $8 Bxc4 (39... Qc6 40.
Qd2+ Ke8 (40... Bd7 41. Rb8+ Ke7 42. Qf4 Qf6 43. Qe4+ Be6 44. Nc2 $18 {/\b7})
41. Bb5) 40. Nxc4 Re6 (40... Qe6 41. Qa5) 41. Qa1 {Yudasin} 1-0

[Event "RUS-Cup06"]
[Site "Nizhnij Novgorod"]
[Date "1998.07.04"]
[Round "6"]
[White "Isanbaev, Ramil"]
[Black "Komliakov, Viktor"]
[Result "1/2-1/2"]
[WhiteElo "2320"]
[BlackElo "2510"]
[Annotator "Yudasin,L"]
[PlyCount "64"]
[EventDate "1998.06.29"]
[EventType "swiss"]
[EventRounds "9"]
[EventCountry "RUS"]
[SourceTitle "EXT 2000"]
[Source "ChessBase"]
[SourceDate "1999.11.16"]
[SourceVersion "1"]
[SourceVersionDate "1999.11.16"]
[SourceQuality "1"]

1. e4 d6 2. d4 Nf6 3. Nc3 c6 4. Nf3 (4. f4) 4... Bg4 5. h3 (5. Be2 Nbd7 6. h3
Bxf3 7. Bxf3 e5 8. dxe5 dxe5 $10) 5... Bh5 (5... Bxf3 6. Qxf3 Qb6 7. e5 Nfd7 8.
Qe4) 6. Be3 (6. Be2) 6... e6 (6... Qb6 7. Qd2 Bxf3 8. gxf3 Qc7 9. f4) 7. Bd3 d5
8. e5 (8. a3 Bg6) 8... Nfd7 9. g4 Bg6 10. Ne2 (10. Bxg6 hxg6 (10... fxg6 $2 11.
Ng5 Qe7 12. Qd3) 11. Ne2 Qb6) 10... c5 (10... Qb6 11. b3 c5 12. c3 $10) 11.
Bxg6 hxg6 12. c3 Nc6 13. Ng5 (13. Kf1 Be7 14. Kg2 Rc8 $132) 13... Be7 14. f4
cxd4 15. cxd4 Qb6 (15... Bxg5 16. fxg5 Qb6 17. Qd2 Qa5 18. Nc3 Nb6 19. b3 Rc8
20. Rc1 Nb4 21. Kf2 Qa6 22. Kg3) 16. Qb3 (16. Qd2 Bb4 17. Nc3 Na5 18. b3 Rc8)
16... Qa6 (16... Qxb3 17. axb3 Nb4 18. Kd2 a6 19. h4 {/\Nc3,Raf1,f5}) 17. Nc3
Qd3 18. Nd1 $8 Bb4+ 19. Kf2 Qxb3 20. axb3 Nb6 (20... Na5 21. Ra4) 21. Nc3 a6 (
21... Na5 $2 22. Nb5 (22. Na2 Be7 23. Nc1 Nc6 24. Nd3) 22... Ke7 23. Rhc1 f6 (
23... Rhc8 24. Nd6 Rxc1 25. Rxc1 Bxd6 26. exd6+ Kxd6 27. Nxf7+ Ke7 28. Ne5 $16)
24. Rc7+ Nd7 25. Nxe6 Kxe6 26. f5+ gxf5 27. gxf5+ Kxf5 28. Rxd7 $13) 22. Nf3
Rc8 23. Rac1 Kd7 24. Ke2 $10 Na5 25. Nd2 Rc7 26. Kd3 Be7 27. h4 $1 {/\h5} Nc8
(27... Bxh4 28. Nf3) (27... Rxh4 28. Rxh4 Bxh4 29. g5) 28. Bf2 Nc6 29. Ke2 Nb4
(29... N8a7 30. f5 $1 $36) 30. Rh3 (30. h5 gxh5 31. gxh5 Na7 $14) 30... Na7 31.
Rch1 Nb5 32. Ndb1 (32. Nxb5 axb5 33. Rc3 Na2 34. Rxc7+ Kxc7 $10) 32... Rcc8 {
33.Kd2+/= Yudasin} 1/2-1/2